Loading...
Sree Aravind ka Jeevan darsan /
| Main Author: | |
|---|---|
| Format: | Printed Book |
| Language: | Hindi |
| Published: |
New Delhi :
Sastha Sahithya Mandal Publications ,
1982.
|
| LEADER | 00506nam a2200145Ia 4500 | ||
|---|---|---|---|
| 008 | 150624b xxu||||| |||| 00| | hin d | ||
| 082 | |a 181.4881 | ||
| 100 | |a Indrasenan | ||
| 245 | |c Indrasenan |a Sree Aravind ka Jeevan darsan / | ||
| 260 | |a New Delhi : |b Sastha Sahithya Mandal Publications , |c 1982. | ||
| 300 | |a 136 p. | ||
| 546 | |a In Hindi. | ||
| 942 | |c BK | ||
| 999 | |c 93500 |d 93500 | ||
| 952 | |0 0 |1 0 |4 0 |6 181_488100000000000_IND_S_H |7 0 |9 93442 |a UL |b UL |c ST1 |d 2012-10-27 |l 0 |o 181.4881 IND/S H |p G3486 |r 2012-10-27 |w 2012-10-27 |y BK | ||